[Event "Odorheiu Secuiesc op"]
[Site "Odorheiu Secuiesc"]
[Date "1993.??.??"]
[Round "3"]
[White "Serban Mitaru, Dan"]
[Black "Dodu, Petre"]
[Result "1/2-1/2"]
[WhiteElo "2330"]
[BlackElo "2295"]

1.d4 Nf6 2.c4 d6 3.Nf3 g6 4.g3 Bg7 5.Bg2 O-O 6.O-O Nbd7 7.Nc3 e5 8.b3 Re8
9.Bb2 c6 10.d5 c5 11.e4 Nh5 12.Ne1 Ndf6 13.Nd3 Ng4 14.Bc1 f5 15.f3 Ngf6 16.Bd2 Rf8
17.Nf2 a6 18.Rb1 Bd7 19.a4 a5 20.Qe2 Rf7 21.Nb5 Ne8 22.exf5 Bxf5 23.Rbe1 Bd7
24.Ne4 Bxb5 25.axb5 h6 26.Bh3 Kh7 27.Be6 Rf8 28.Qd3 b6 29.f4 exf4 30.Bxf4 Nxf4
31.gxf4 Qh4 32.f5 gxf5 33.Qg3 Qxg3+ 34.Nxg3 f4 35.Bf5+ Kh8 36.Rxf4 Bd4+ 37.Kg2 Ng7
38.Ref1 Rf6 39.Bc2 Rxf4 40.Rxf4 Kg8 41.Ne4 Re8 42.Kf3 Nh5 43.Rg4+ Kh8 44.Rg6 Rf8+
45.Kg4 Nf4 46.Rxh6+ Kg7 47.Rxd6 Ng2 48.Rd7+ Kh6 49.Bd3 Ne3+ 50.Kh3 Nxd5 51.cxd5 Rf3+
52.Kg4 Rxd3 53.Rd6+ Kg7 54.Rxb6 Be5 55.Nxc5 Rxd5 56.Ne6+ Kf7 57.Ng5+ Ke7
58.h4 Kd7 59.h5 Bd4 60.Rb7+ Kc8 61.Rf7 Rxb5 62.Rf3 Rb6 63.Ne4 Re6 64.Ng3 Bb2
65.Nf5 Re4+ 66.Rf4 Rxf4+ 67.Kxf4 Kd7 68.Ne3 Ke6 69.Nc4 Bc3 70.Kg5 Kd5 71.Kf5 Kc5
72.h6 a4  1/2-1/2

[Event "Odorheiu Secuiesc op"]
[Site "Odorheiu Secuiesc"]
[Date "1993.??.??"]
[Round "4"]
[White "Nicula, Marius"]
[Black "Cosma, Ioan"]
[Result "0-1"]
[WhiteElo "2300"]
[BlackElo "2365"]

1.d4 Nf6 2.c4 g6 3.Nf3 Bg7 4.g3 O-O 5.Bg2 d6 6.O-O Nbd7 7.Nc3 e5 8.e4 exd4
9.Nxd4 Re8 10.h3 a6 11.Bg5 h6 12.Be3 Rb8 13.a4 a5 14.Qc2 c6 15.Rad1 Qc7 16.Rfe1 Nc5
17.Re2 Be6 18.b3 Rbd8 19.Red2 Bc8 20.Re2 Re7 21.Kh2 Rde8 22.Ndb5 cxb5 23.Nxb5 Qb8
24.Nxd6 b6 25.Nxe8 Rxe8 26.Bf4 Qa7 27.f3 Nh5 28.Be3 Qc7 29.Bf2 g5 30.Kg1 Nxg3  0-1

[Event "Odorheiu Secuiesc op"]
[Site "Odorheiu Secuiesc"]
[Date "1993.??.??"]
[Round "4"]
[White "Roizen, Nadejda"]
[Black "Serban Mitaru, Dan"]
[Result "1/2-1/2"]
[WhiteElo "2205"]
[BlackElo "2330"]

1.d4 Nf6 2.c4 g6 3.Nf3 Bg7 4.g3 O-O 5.Bg2 d6 6.O-O Nbd7 7.Qc2 c5 8.d5 Ne5
9.Nxe5 dxe5 10.Nc3 Ne8 11.Be3 Bf5 12.Qa4 b6 13.d6 e4 14.dxe7 Qxe7 15.Nd5 Qb7
16.g4 Bd7 17.Qc2 Nf6 18.Nxf6+ Bxf6 19.Bxe4 Bc6 20.Bxc6 Qxc6 21.Rad1 Rfe8
22.Rd5 Qe6 23.h3 h5 24.Rfd1 hxg4 25.Rd6 Qe7 26.Rd7 Qe4 27.Qxe4 Rxe4 28.hxg4 Rxg4+
29.Kf1 Kg7 30.f3 Rh4 31.b3 Re8 32.Bg1 a5 33.Rb7 Bd4 34.e4 Bxg1 35.Kxg1 Re6
36.Kg2 g5 37.Rd5 Rg6 38.Rf5 g4 39.Rfxf7+ Kg8 40.Rfd7 gxf3+ 41.Kxf3 Rf6+ 42.Kg3 Rxe4
43.Rd8+ Rf8 44.Rxf8+ Kxf8 45.Rxb6 a4 46.Rb5 Re2 47.Rxc5 Rxa2 48.bxa4 Ke7
49.Kf4 Kd6 50.Rd5+ Kc6 51.Ke4 Rxa4  1/2-1/2

[Event "Odorheiu Secuiesc op"]
[Site "Odorheiu Secuiesc"]
[Date "1993.??.??"]
[Round "5"]
[White "Cosma, Ioan"]
[Black "Ghinda, Mihail Viorel"]
[Result "1/2-1/2"]
[WhiteElo "2365"]
[BlackElo "2450"]

1.d4 Nf6 2.c4 g6 3.Nf3 Bg7 4.g3 O-O 5.Bg2 d6 6.O-O Nc6 7.Nc3 Rb8 8.e4 Bg4
9.Be3 Nd7 10.Qd2 e5 11.d5 Bxf3 12.Bxf3 Nd4 13.Bg2 c5 14.Rab1 f5 15.exf5 gxf5
16.f4 a6 17.fxe5 Nxe5 18.b3 Qa5 19.Bxd4 cxd4 20.Ne4 Qxd2 21.Nxd2 Bh6 22.Nf3 Be3+
23.Kh1 Nd3 24.Bh3 b5 25.Nh4 bxc4 26.bxc4 Nf2+ 27.Kg2 Rxb1 28.Rxb1 Nxh3 29.Kxh3 f4
30.gxf4 Bxf4 31.Rf1 d3 32.Rd1 d2 33.Nf3 Rc8 34.Nxd2 Bxd2 35.Rxd2 Rxc4 36.Rb2 Rc5
37.Rb6 Rxd5 38.Rxa6  1/2-1/2

[Event "Odorheiu Secuiesc-B"]
[Site "Odorheiu Secuiesc"]
[Date "1993.??.??"]
[Round "6"]
[White "Ionescu, Constantin"]
[Black "Zetocha, Claudiu"]
[Result "1-0"]
[WhiteElo "2460"]
[BlackElo "2300"]

1.d4 Nf6 2.Nf3 g6 3.g3 Bg7 4.Bg2 O-O 5.c4 d6 6.O-O Nbd7 7.Nc3 e5 8.e4 exd4
9.Nxd4 Re8 10.Re1 a6 11.h3 Rb8 12.Bf4 Ne5 13.Bf1 Bd7 14.a4 a5 15.Ndb5 Nh5
16.Be3 Be6 17.b3 Nd7 18.Rc1 Rc8 19.Bg2 b6 20.Na7 Ra8 21.Nc6 Qc8 22.Nd5 Bxd5
23.cxd5 Nhf6 24.Rc4 Qb7 25.Qc2 Bf8 26.f4 Nc5 27.e5 Nfd7 28.e6 Nf6 29.f5 b5
30.axb5 Qxb5 31.Bd4 Bg7 32.exf7+ Kxf7 33.fxg6+ hxg6 34.Rf1 Qxb3 35.Rxc5  1-0

[Event "Odorheiu Secuiesc op"]
[Site "Odorheiu Secuiesc"]
[Date "1993.??.??"]
[Round "8"]
[White "Cosma, Ioan"]
[Black "Ionescu, Doru Alexandru"]
[Result "1-0"]
[WhiteElo "2365"]
[BlackElo "2225"]

1.d4 Nf6 2.c4 g6 3.Nf3 Bg7 4.g3 O-O 5.Bg2 d6 6.O-O Nbd7 7.Nc3 e5 8.e4 exd4
9.Nxd4 Re8 10.h3 a6 11.Be3 Rb8 12.g4 Ne5 13.b3 c5 14.Nde2 b5 15.f4 Nexg4
16.hxg4 Nxg4 17.Bf2 bxc4 18.bxc4 Rb4 19.Qd3 Be6 20.Rad1 Nxf2 21.Rxf2 Bxc4
22.Qxd6 Qxd6 23.Rxd6 Rb2 24.e5 Bf8 25.Rd7 Be7 26.Bd5 Bxd5 27.Nxd5 Bh4 28.Rh2 Reb8
29.Nec3 Rxh2 30.Kxh2 Be1 31.Ne4 h6 32.Nxc5 Rb2+ 33.Kh3 Rxa2 34.Nf6+  1-0

[Event "Odorheiu Secuiesc-B"]
[Site "Odorheiu Secuiesc"]
[Date "1993.??.??"]
[Round "9"]
[White "Itkis, Boris"]
[Black "Zimmerman, Yuri"]
[Result "1-0"]
[WhiteElo "2430"]
[BlackElo "2360"]

1.d4 Nf6 2.Nf3 g6 3.c4 Bg7 4.g3 O-O 5.Bg2 d6 6.O-O Nc6 7.Nc3 a6 8.h3 e5 9.Be3 exd4
10.Nxd4 Nxd4 11.Bxd4 Rb8 12.Rc1 Be6 13.Nd5 Nd7 14.Bxg7 Kxg7 15.Qd4+ Nf6 16.Rfd1 Re8
17.e3 c6 18.Nf4 Qa5 19.Qxd6 Bf5 20.Qd2 Qxd2 21.Rxd2 Red8 22.Rcd1 Rxd2 23.Rxd2 g5
24.Ne2 Be6 25.b3 c5 26.f4 g4 27.h4 b5 28.cxb5 axb5 29.e4 Re8 30.Kf2 b4 31.Rc2 Rc8
32.f5 Bd7 33.e5 Ng8 34.f6+ Kf8 35.Be4 Re8 36.Rxc5 Nxf6 37.Bd3 Ng8 38.Bxh7 Ra8
39.Bb1 Nh6 40.Nd4 Ra6 41.Ke3 f6 42.Bd3 Rb6 43.e6 Bxe6 44.Rc6  1-0

[Event "Odorheiu Secuiesc op"]
[Site "Odorheiu Secuiesc"]
[Date "1993.??.??"]
[Round "9"]
[White "Roizen, Nadejda"]
[Black "Tomescu, Vlad"]
[Result "0-1"]
[WhiteElo "2205"]
[BlackElo "2435"]

1.c4 Nf6 2.d4 g6 3.Nf3 Bg7 4.g3 O-O 5.Bg2 d6 6.O-O Nbd7 7.Qc2 e5 8.Rd1 exd4
9.Nxd4 Re8 10.Nc3 a6 11.b3 Nc5 12.Bb2 c6 13.h3 Qc7 14.e4 Bd7 15.Re1 Qc8 16.b4 Ne6
17.Nf3 Qc7 18.Rad1 a5 19.a3 axb4 20.axb4 Red8 21.Na4 Nh5 22.Bxg7 Nhxg7 23.e5 dxe5
24.Nxe5 Be8 25.Rxd8 Qxd8 26.Nc3 Nd4 27.Qe4 Nge6 28.Nd5 Ra2 29.Ng4 cxd5 30.cxd5 f5
31.Qe5 fxg4 32.dxe6 Nf3+ 33.Bxf3 gxf3 34.e7 Qd2 35.Qe6+ Kg7 36.Rf1 Qe2 37.Qd6 Qxf1+  0-1

[Event "Odorheiu Secuiesc op"]
[Site "Odorheiu Secuiesc"]
[Date "1993.??.??"]
[Round "10"]
[White "Nicula, Marius"]
[Black "Serban Mitaru, Dan"]
[Result "1-0"]
[WhiteElo "2300"]
[BlackElo "2330"]

1.d4 Nf6 2.c4 g6 3.Nf3 Bg7 4.g3 O-O 5.Bg2 d6 6.O-O Nbd7 7.Nc3 e5 8.e4 exd4
9.Nxd4 Re8 10.h3 a5 11.Be3 Nc5 12.Qc2 Qe7 13.Rfe1 c6 14.Rad1 Bd7 15.Bf4 d5
16.cxd5 cxd5 17.e5 Nh5 18.Nxd5 Qf8 19.Nc7 Nxf4 20.gxf4 Rac8 21.Nxe8 Qxe8
22.Qe2 Ne6 23.Nxe6 Bxe6 24.Bxb7 Rb8 25.Bg2 Bh6 26.Qd2 Qa4 27.b3 Qb5 28.Re4 Bf8
29.Rd4 Be7 30.Qd3 Qb6 31.Qf3 Bc5 32.R4d2 h5 33.Qc6 Qb4 34.Rd8+ Rxd8 35.Rxd8+ Kg7
36.Rd1 Ba7 37.Qe4 Qc3 38.Qd3 Qc5 39.Qf3 Qc2 40.Ra1 Qb2 41.Rf1 Qxa2 42.Qb7 Bd4
43.Bd5 Bxd5 44.Qxd5 Qd2 45.Qf3 Qc2 46.Kg2 h4 47.Re1 Bc3 48.Re2 Qc1 49.Qd3 Bb4
50.Re4 Qc6 51.Qf3 Qe6 52.Re2 Kh7 53.Rc2 Kg7 54.Rc6 Qf5 55.Rc4 Qd7 56.Qc6 Qf5
57.Qe4 Qd7 58.Rc6 Qe7 59.Qc4 g5 60.Rc7  1-0

[Event "Ontario op"]
[Site "Ontario"]
[Date "1993.??.??"]
[Round "2"]
[White "Southam, Todd"]
[Black "Southam, David"]
[Result "1/2-1/2"]
[WhiteElo "2325"]
[BlackElo "2215"]

1.d4 Nf6 2.c4 g6 3.Nf3 Bg7 4.g3 O-O 5.Bg2 d6 6.O-O Nbd7 7.Nc3 e5 8.Qc2 Re8
9.Rd1 exd4 10.Nxd4 Nc5 11.e4 a6 12.Bf4 Nh5 13.Be3 Bd7 14.Rac1 Qc8  1/2-1/2

[Event "Oviedo rapid"]
[Site "Oviedo"]
[Date "1993.??.??"]
[Round "9"]
[White "Galliamova, Alisa"]
[Black "Mestel, A Jonathan"]
[Result "0-1"]
[WhiteElo "2435"]
[BlackElo "2520"]

1.d4 Nf6 2.c4 g6 3.Nf3 Bg7 4.g3 O-O 5.Bg2 d6 6.O-O c6 7.Nc3 Qa5 8.h3 e5 9.e4 exd4
10.Nxd4 Qc5 11.Nb3 Qb4 12.Bf4 Ne8 13.c5 dxc5 14.a3 Qc4 15.Rc1 Na6 16.Nd5 Qb5
17.Nc3 Qc4 18.Nd5 Qb5 19.Nc3 Bxc3 20.Rxc3 c4 21.Nd2 Qxb2 22.Qf3 Be6  0-1

[Event "WchT U26"]
[Site "Paranana"]
[Date "1993.??.??"]
[Round "?"]
[White "Manninen, Marko"]
[Black "Hernandez, Gilberto"]
[Result "1/2-1/2"]
[WhiteElo "2355"]
[BlackElo "2510"]

1.d4 Nf6 2.c4 g6 3.g3 Bg7 4.Bg2 O-O 5.Nf3 d6 6.O-O Nbd7 7.Nc3 e5 8.h3 c6
9.e4 Qb6 10.c5 dxc5 11.dxe5 Ne8 12.Qc2 Nc7 13.Na4 Qb5 14.Rd1 Ne6 15.Be3 Re8
16.Rd2 c4 17.Rad1 Nxe5 18.Nxe5 Bxe5 19.f4 Bg7 20.Bf1 Nc7 21.Rd8 Be6 22.Rxa8 Nxa8
23.Nc5 Nb6 24.Nxe6 Rxe6 25.e5 c5 26.b3 Qc6 27.bxc4 Re8 28.Bg2 Qc7 29.Bd5 Kh8
30.Qf2 Nxd5 31.Rxd5 f6 32.Bxc5 fxe5 33.fxe5 b6 34.Bd6 Qxc4 35.Qd2 Qe4 36.Rd4 Qf5
37.g4 Qf3 38.Rd3 Qf7 39.Qe2 Qc4 40.Re3 Qe6 41.Kg2 Qd5+ 42.Kg3 Kg8  1/2-1/2

[Event "Pardubice op"]
[Site "Pardubice"]
[Date "1993.??.??"]
[Round "5"]
[White "Sergeev, Vladimir"]
[Black "Schliebener, Stephan"]
[Result "1-0"]
[WhiteElo "2440"]
[BlackElo "2300"]

1.d4 Nf6 2.c4 g6 3.Nf3 Bg7 4.g3 O-O 5.Bg2 d6 6.Nc3 Nc6 7.O-O e5 8.d5 Ne7
9.c5 Ne8 10.cxd6 Nxd6 11.Qb3 Bd7 12.Ng5 Qc8 13.Bd2 Nef5 14.e3 a6 15.Rfc1 Rb8
16.a4 c5 17.a5 c4 18.Qb6 Bb5 19.e4 Nd4 20.Qxd6 Rd8 21.Qa3 Bf8 22.Qa2 Nb3
23.Be3 Nxa1 24.Qxa1 Bc5 25.Bh3 Bd7 26.Bxd7 Rxd7 27.Bxc5 Qxc5 28.Nf3 Qe7 29.Na4 Rc7
30.Nb6 f5 31.Nd2 Qg5 32.d6 Rf7 33.Nbxc4 Rbf8 34.Nf3 Qh5 35.Nfxe5 f4 36.Nxf7 Rxf7
37.b3 fxg3 38.hxg3  1-0

[Event "Pardubice op"]
[Site "Pardubice"]
[Date "1993.??.??"]
[Round "5"]
[White "Stajcic, Nikola"]
[Black "Te, Roza"]
[Result "0-1"]
[WhiteElo "2350"]
[BlackElo "2240"]

1.d4 Nf6 2.Nf3 g6 3.c4 Bg7 4.g3 O-O 5.Bg2 d6 6.O-O Nc6 7.Nc3 a6 8.h3 Rb8
9.e4 e5 10.d5 Na5 11.Nd2 c5 12.a3 Bh6 13.f4 Nh5 14.Ne2 exf4 15.gxf4 Qf6 16.e5 dxe5
17.Ne4 Qh4 18.fxe5 Bxc1 19.Rxc1 Bxh3 20.Qd3 Bxg2 21.Kxg2 Rbe8 22.N4g3 Rxe5
23.b4 Rfe8 24.Qf3 f5 25.bxa5 Re3 26.Qf2 f4 27.Rc3 f3+ 28.Qxf3 Rxf3 29.Rfxf3 Qg4
30.Kf2 Nxg3 31.Nxg3 h5 32.Ne2 h4 33.Nf4 Rf8 34.Ne2 Rxf3+ 35.Rxf3 h3 36.Ke3 h2
37.Rf1  0-1

[Event "Pardubice op"]
[Site "Pardubice"]
[Date "1993.??.??"]
[Round "6"]
[White "Fominyh, Alexander"]
[Black "Obodchuk, Andrei"]
[Result "0-1"]
[WhiteElo "2515"]
[BlackElo "2385"]

1.d4 Nf6 2.Nf3 g6 3.c4 Bg7 4.g3 O-O 5.Bg2 d6 6.O-O Nbd7 7.Qc2 e5 8.Rd1 Re8
9.e4 c6 10.Nc3 Qe7 11.Be3 exd4 12.Nxd4 Ng4 13.Bf4 Nge5 14.b3 Nc5 15.h3 Ne6
16.Be3 Nxd4 17.Bxd4 Bxh3 18.f3 Bxg2 19.Kxg2 a6 20.Ne2 Rad8 21.Nf4 h5 22.Rab1 h4
23.Qf2 Qg5 24.Ne2 hxg3 25.Nxg3 Qe7 26.Rd2 b5 27.Rh1 c5 28.Ba1 bxc4 29.f4 Ng4
30.Qf3 Bxa1 31.Qxg4 Bg7 32.bxc4 Rb8 33.Rf1 Rb6 34.f5 Qf6 35.Rd5 Rb2+ 36.Kg1 Re5
37.Rxe5 dxe5 38.Rf2 Rxf2 39.Kxf2 Qd6 40.Ne2 Bh6 41.fxg6 fxg6 42.Qc8+ Kf7
43.Qb7+ Kf6 44.Qb3 Bd2 45.Qh3 Kg7 46.Kg2 Ba5 47.Qg3 Kf7 48.Qh3 Ke7 49.Qh7+ Kd8
50.Qf7 Kc8 51.Kf2 Bb4 52.Kg2 Qd2 53.Kf2 Qd6 54.Kg2 Ba5 55.Kf2 Bd2 56.Kg2 Qd3
57.Ng3 Bf4 58.Qg8+ Kc7 59.Qf7+ Kb6 60.Qxg6+ Ka5 61.Nh5 Bc1  0-1

[Event "Pardubice op"]
[Site "Pardubice"]
[Date "1993.??.??"]
[Round "9"]
[White "Guliev, Sarhan"]
[Black "Novotny, Josef"]
[Result "1-0"]
[WhiteElo "2465"]
[BlackElo "2225"]

1.d4 Nf6 2.c4 g6 3.Nf3 Bg7 4.g3 O-O 5.Bg2 d6 6.Nc3 Nbd7 7.O-O e5 8.e4 exd4
9.Nxd4 Nc5 10.h3 Re8 11.Re1 a5 12.Qc2 c6 13.Be3 a4 14.Rad1 Qa5 15.Bf4 Rd8
16.a3 h6 17.Bf1 Bf8 18.Bd2 Qc7 19.Be3 Re8 20.Bg2 Nfd7 21.f4 Nb6 22.Bf1 Bd7
23.Bf2 h5 24.f5 Bg7 25.fxg6 fxg6 26.e5 dxe5 27.Qxg6 exd4 28.Bxd4 Ne6 29.Be5 Qd8
30.Bd3 Qg5 31.Qh7+ Kf7 32.Bg6+ Ke7 33.Bd6+ Kd8 34.Bxe8 Bd4+ 35.Rxd4 Nxd4
36.Be7+  1-0

[Event "Paris-ch"]
[Site "Paris"]
[Date "1993.??.??"]
[Round "2"]
[White "Verat, Laurent"]
[Black "Toulzac, Pierre Yves"]
[Result "1-0"]
[WhiteElo "2285"]
[BlackElo "2370"]

1.d4 Nf6 2.c4 g6 3.Nf3 Bg7 4.g3 O-O 5.Bg2 d6 6.Nc3 Nc6 7.d5 Na5 8.Nd2 c5
9.O-O Rb8 10.Qc2 a6 11.b3 b5 12.Bb2 Bh6 13.f4 bxc4 14.bxc4 e5 15.dxe6 fxe6
16.Nce4 Ng4 17.Nb3 Nxb3 18.axb3 e5 19.Qd3 d5 20.Nxc5 d4 21.Bd5+ Kh8 22.Ne6 Bxe6
23.Bxe6 Ne3 24.Rf3 Bxf4 25.gxf4 Rxf4 26.Qxe3 Qg5+ 27.Rg3 Qf6 28.Qd3 Qxe6
29.e3 Rf5 30.exd4 Rd8 31.Qe3 Qb6 32.d5 Qf6 33.Re1  1-0

[Event "Paris-ch"]
[Site "Paris"]
[Date "1993.??.??"]
[Round "9"]
[White "Satta, Vladimiro"]
[Black "Lamoureux, Charles"]
[Result "1-0"]
[WhiteElo "2290"]
[BlackElo "2345"]

1.g3 g6 2.Bg2 Bg7 3.c4 d6 4.d4 Nf6 5.Nf3 O-O 6.O-O Nbd7 7.Nc3 e5 8.e4 c6
9.h3 Qb6 10.c5 dxc5 11.dxe5 Ne8 12.Na4 Qa6 13.Bg5 b5 14.Nc3 Nc7 15.Be7 Re8
16.Bd6 Ne6 17.Re1 Nd4 18.Nxd4 cxd4 19.Qxd4 Nxe5 20.Bxe5 Bxe5 21.Qc5 b4 22.Nd1 Qb6
23.Rc1 Bb7 24.Re2 Bd4 25.Qc2 Ba6 26.Re1 Re6 27.Ne3 Rd8 28.Qb3 h5 29.Rc2 Rf6
30.g4 Qa5 31.gxh5 gxh5 32.Nf5 Rxf5 33.exf5 Qxf5 34.Qg3+ Bg7 35.Rxc6 Bb7 36.Qc7 Rd2
37.Re8+ Bf8 38.Qg3+ Kh7 39.Rxf8 Rd1+ 40.Kh2 Bxc6 41.Bxc6 Rd2 42.Be4  1-0

[Event "Pinsk"]
[Site "Pinsk"]
[Date "1993.??.??"]
[Round "?"]
[White "Kharitonov, Andrei Y"]
[Black "Ryskin, Alexander"]
[Result "1/2-1/2"]
[WhiteElo "2530"]
[BlackElo "2515"]

1.d4 Nf6 2.Nf3 g6 3.c4 Bg7 4.g3 O-O 5.Bg2 d6 6.Nc3 Nbd7 7.O-O e5 8.e4 exd4
9.Nxd4 Re8 10.h3 a6 11.Re1 Rb8 12.Be3 c5 13.Nc2 Ne5 14.b3 b5 15.f4  1/2-1/2

[Event "Podgorica"]
[Site "Podgorica"]
[Date "1993.??.??"]
[Round "5"]
[White "Damljanovic, Branko"]
[Black "Zontakh, Andrey"]
[Result "1/2-1/2"]
[WhiteElo "2550"]
[BlackElo "2455"]

1.Nf3 Nf6 2.g3 g6 3.Bg2 Bg7 4.c4 d6 5.d4 O-O 6.O-O Nbd7 7.Nc3 e5 8.e4 c6
9.h3 Qb6 10.d5 Nc5 11.Re1 cxd5 12.cxd5 Bd7 13.Bf1 Ne8 14.Nd2 a5 15.Nc4 Qd8
16.Be3 Rc8 17.a4 f5 18.exf5 gxf5 19.Ra3 Rf7 20.f4 exf4 21.Bxf4 Bxc3 22.bxc3 Ne4
23.Qd4 Rg7 24.Kh2 Rg6 25.Bg2 Nc5 26.Bf3 Nxa4 27.Bh5 b5 28.Rxa4 bxa4 29.Bxg6 hxg6
30.Nxd6 Rb8 31.Bh6 Nf6 32.Bg5 Ng4+ 33.Qxg4 fxg4 34.Bxd8 Rxd8 35.Ne4 gxh3
36.c4 Bf5 37.g4 Bxe4 38.Rxe4 a3 39.Re3 Rc8 40.d6 a2  1/2-1/2

[Event "RUS-chT"]
[Site "Podolsk"]
[Date "1993.??.??"]
[Round "?"]
[White "Fominyh, Alexander"]
[Black "Pugachov, Alexey"]
[Result "1-0"]
[WhiteElo "2505"]
[BlackElo "2445"]

1.d4 Nf6 2.Nf3 g6 3.c4 Bg7 4.g3 O-O 5.Bg2 d6 6.O-O Nbd7 7.Qc2 e5 8.Rd1 exd4
9.Nxd4 Re8 10.Nc3 c6 11.e4 Qe7 12.Be3 Ne5 13.Qe2 h5 14.h3 Nh7 15.f4 Nd7 16.Bf2 Nc5
17.Re1 Bd7 18.Rad1 Rad8 19.Qc2 Bc8 20.b4 Ne6 21.Nf3 Qc7 22.Rc1 Re7 23.Qa4 a6
24.a3 Qb8 25.Qd1 Nf6 26.Qd2 Ree8 27.Rc2 b5 28.cxb5 cxb5 29.f5 Nf8 30.Nd4 Bd7
31.Nd5 Rc8 32.Rxc8 Qxc8 33.Rc1 Qd8 34.Nc6 Bxc6 35.Rxc6 Nxe4 36.Bxe4 Rxe4
37.f6 Bh8 38.Ne7+ Rxe7 39.fxe7 Qxe7 40.Qxd6 Qe2 41.Rc8 Bg7 42.Qd5 h4 43.gxh4 Be5
44.Qc5 Bg7 45.Qe3 Qd1+ 46.Kg2 Kh7 47.Qf3 Qd7 48.Rc1 Ne6 49.Rf1 Kg8 50.Qa8+ Kh7
51.Qf3 Kg8 52.Be3 Bb2 53.h5 Ng7 54.hxg6 fxg6 55.Rd1 Qe7 56.Bc5 Qg5+ 57.Qg3 Qf6
58.Rd6 Qf7 59.Qxg6 Qb7+ 60.Kg1 Qe7 61.Rd1 Qh4 62.Bf2 Qe7 63.Rd3 Bf6 64.Rf3  1-0

[Event "Polanica Zdroj op"]
[Site "Polanica Zdroj"]
[Date "1993.??.??"]
[Round "3"]
[White "Jasnikowski, Zbigniew"]
[Black "Cherkasov, Nikolai"]
[Result "1-0"]
[WhiteElo "2450"]
[BlackElo "2325"]

1.d4 Nf6 2.c4 g6 3.Nf3 Bg7 4.g3 O-O 5.Bg2 d6 6.Nc3 Nbd7 7.O-O e5 8.h3 c6
9.e4 Qe7 10.Re1 Rd8 11.Be3 Qf8 12.Qc2 Nh5 13.Rad1 f5 14.exf5 gxf5 15.dxe5 dxe5
16.g4 fxg4 17.hxg4 Nf4 18.Ng5 Nf6 19.Rxd8 Qxd8 20.Bxf4 exf4 21.c5 Qc7 22.Qb3+ Kf8
23.Qe6 Qd7 24.Qc4 Qc7 25.Bf3 h6 26.Nh3 Nxg4 27.Nxf4 Ne5 28.Bh5 Bf5 29.Ne6+ Bxe6
30.Qxe6 Rd8 31.Re4 Nf7 32.Ne2 Kg8 33.Rf4 Rf8 34.Rf5 Bxb2 35.Nf4 Bd4 36.Bxf7+  1-0

[Event "Policka (Women)"]
[Site "Policka"]
[Date "1993.??.??"]
[Round "4"]
[White "Eretova, Kveta"]
[Black "Lymar, Irina"]
[Result "0-1"]
[WhiteElo "2090"]
[BlackElo "2270"]

1.d4 Nf6 2.Nf3 g6 3.g3 Bg7 4.Bg2 O-O 5.c4 d6 6.Nc3 Nbd7 7.O-O e5 8.h3 Re8
9.e4 exd4 10.Nxd4 a6 11.Re1 Rb8 12.Rb1 c5 13.Nde2 b5 14.cxb5 axb5 15.b4 Bb7
16.bxc5 Nxc5 17.Bf4 Nfxe4 18.Nxe4 Bxe4 19.Bxe4 Nxe4 20.Qd3 Qb6 21.Be3 Qa5
22.Nd4 Qc3 23.Qd1 Nxf2  0-1

[Event "POR-chB"]
[Site "?"]
[Date "1993.??.??"]
[Round "3"]
[White "Camejo, Rui"]
[Black "Ferreira, A."]
[Result "1/2-1/2"]
[WhiteElo "2270"]
[BlackElo "2305"]

1.d4 g6 2.c4 Bg7 3.Nf3 Nf6 4.g3 O-O 5.Bg2 d6 6.Nc3 c6 7.O-O Qa5 8.e4 Qh5
9.e5 dxe5 10.dxe5 Ng4 11.Re1 Nd7 12.Bf4 g5 13.Bxg5 Ndxe5 14.Bh4 Ng6  1/2-1/2

[Event "Porz op29"]
[Site "Porz"]
[Date "1993.??.??"]
[Round "2"]
[White "Espig, Lutz"]
[Black "Von Kap herr, Alexander"]
[Result "1/2-1/2"]
[WhiteElo "2455"]
[BlackElo "1985"]

1.Nf3 Nf6 2.c4 g6 3.d4 Bg7 4.g3 O-O 5.Bg2 d6 6.O-O c6 7.Nc3 Qa5 8.h3 Be6
9.d5 cxd5 10.Nd4 dxc4 11.Nxe6 fxe6 12.Bxb7 Nbd7 13.Bxa8 Rxa8 14.Qa4 Qxa4
15.Nxa4 Ne4 16.Be3 Nb6 17.Bxb6 axb6 18.Nxb6 Ra6 19.Nxc4 d5 20.Ne3 Bxb2 21.Rad1 Rxa2
22.Rd3 Bg7 23.Rc1 Rxe2 24.Rc8+ Kf7 25.Ng4 h5 26.Rf3+ Nf6 27.Nxf6 Re1+ 28.Kg2 Bxf6
29.Re3 Rxe3 30.fxe3 Be5  1/2-1/2

[Event "Porz op29"]
[Site "Porz"]
[Date "1993.??.??"]
[Round "6"]
[White "Espig, Lutz"]
[Black "Pragua, Christoph"]
[Result "1-0"]
[WhiteElo "2455"]
[BlackElo "2105"]

1.Nf3 Nf6 2.c4 g6 3.d4 Bg7 4.g3 O-O 5.Bg2 d6 6.O-O c6 7.Nc3 Bf5 8.Nh4 Be6
9.d5 cxd5 10.cxd5 Bd7 11.Be3 b5 12.a3 Na6 13.Bd4 Qb8 14.b4 Rc8 15.Nf3 Rc4
16.e3 Ng4 17.Bxg7 Kxg7 18.Ne2 Qb6 19.Ned4 Rac8 20.Re1 Nb8 21.Qd2 Ne5 22.Nxe5 dxe5
23.Nb3 Rc2 24.Qd1 R2c3 25.Ra2 R8c4 26.Na5 Rc7 27.Qa1 Qf6 28.Nc6 R3xc6 29.dxc6 Bxc6
30.Rc2 Rd7 31.Rd1 Bxg2 32.Kxg2 Rd6 33.Rxd6 exd6 34.Qd1 Nd7 35.Rc6 Nf8 36.Rxd6 Ne6
37.h4 e4 38.Rd5 h5 39.Rxb5 Kh7 40.Rb7 Ng7 41.Rxa7 Nf5 42.Ra8  1-0

[Event "CRO-Cup"]
[Site "Pula"]
[Date "1993.??.??"]
[Round "3"]
[White "Hulak, Krunoslav"]
[Black "Biliskov, Vjekoslav"]
[Result "1/2-1/2"]
[WhiteElo "2540"]
[BlackElo "2305"]

1.d4 Nf6 2.c4 g6 3.g3 Bg7 4.Bg2 O-O 5.Nf3 d6 6.O-O Nbd7 7.Nc3 e5 8.e4 c6
9.h3 Qb6 10.c5 dxc5 11.dxe5 Ne8 12.e6 fxe6 13.Ng5 Ne5 14.Na4 Qc7 15.f4 Nf7
16.Nxf7 Bd4+ 17.Kh2 Rxf7 18.e5 b6 19.Nc3 a5 20.Ne4 Ba6 21.Re1 Rd8 22.Qb3 c4
23.Qc2 c5 24.Bf1 Qc6 25.Bxc4 Bxc4 26.Qxc4 b5 27.Qc2 a4 28.Be3 Rfd7 29.Rac1 c4
30.b3 axb3 31.axb3 Qb6 32.Bxd4 Rxd4 33.Re2 cxb3 34.Qb1 Qa5 35.h4 Qa3 36.Rc3 Rb4
37.h5 Ra8 38.hxg6 Qa1 39.gxh7+ Kh8 40.Qxa1 Rxa1 41.Rc8 Kxh7 42.Rxe8 Ra2 43.Nc3 Rxe2+
44.Nxe2 Rc4 45.Re7+ Kg8 46.Rd7 b2 47.Rd1 Rc2 48.Kh3 Rxe2 49.Kh4 Rd2 50.Rb1 Kf7
51.Kg5 Rg2 52.g4 Re2 53.f5 Rxe5 54.Rxb2 exf5 55.gxf5 Rc5  1/2-1/2

[Event "CRO-Cup"]
[Site "Pula"]
[Date "1993.??.??"]
[Round "5"]
[White "Hulak, Krunoslav"]
[Black "Sindik, Ervin"]
[Result "1/2-1/2"]
[WhiteElo "2540"]
[BlackElo "2325"]

1.d4 Nf6 2.c4 g6 3.g3 Bg7 4.Bg2 O-O 5.Nf3 d6 6.O-O Nbd7 7.Nc3 e5 8.e4 c6
9.h3 Qb6 10.c5 dxc5 11.dxe5 Ne8 12.e6 fxe6 13.Ng5 Ne5 14.f4 Nf7 15.Nxf7 Bd4+
16.Kh2 Rxf7 17.e5 Nc7 18.Ne4 Nd5 19.h4 Qd8 20.h5 b6 21.Bh3 a5 22.Ng5 Re7
23.hxg6 hxg6 24.Rh1 Raa7 25.Kg2 Bxb2 26.Qc2 Bxa1 27.Qxg6+ Rg7 28.Bxe6+ Bxe6
29.Qxe6+ Raf7 30.Qxf7+ Rxf7 31.Rh8+ Kxh8 32.Nxf7+ Kg7 33.Nxd8 Nb4 34.a3 Nd3
35.Be3 a4 36.Kf3 Bb2 37.Ke4 c4 38.Bxb6 Bxa3 39.Nxc6 Bb2 40.Nd4 a3 41.Nc2 a2
42.Bd4 Nb4 43.Bxb2 Nxc2 44.e6+ Kf8 45.f5 a1=Q 46.Bxa1 Nxa1 47.f6 Nb3 48.e7+ Kf7
49.g4 Nc5+ 50.Ke3 Ne6 51.Kd2 Ng5  1/2-1/2

[Event "CRO-Cup"]
[Site "Pula"]
[Date "1993.??.??"]
[Round "8"]
[White "Dizdarevic, Emir"]
[Black "Lanka, Zigurds"]
[Result "0-1"]
[WhiteElo "2540"]
[BlackElo "2545"]

1.Nf3 Nf6 2.g3 g6 3.c4 Bg7 4.Bg2 d6 5.d4 O-O 6.O-O Nc6 7.d5 Na5 8.Nbd2 c5
9.e4 Bd7 10.Rb1 b5 11.b3 Rb8 12.Qc2 bxc4 13.bxc4 Rxb1 14.Qxb1 Qc7 15.Qc2 Rb8
16.Ba3 e5 17.Bb2 Nh5 18.Bc3 Bh6 19.Rb1 Rxb1+ 20.Qxb1 Nb7 21.Ne1 Qb6 22.Qb3 Bg5
23.Nd3 Qxb3 24.axb3 Bg4 25.f3 Be3+ 26.Kf1 Bd7 27.Nb1 Kf8 28.Na3 f5 29.Nc2 Bg5
30.Kf2 Nf6 31.h3 fxe4 32.fxe4 Bxh3 33.Bf3 h5 34.b4 Nd7 35.Na1 cxb4 36.Bxb4 a5
37.Bc3 Bd8 38.Nc2 Nbc5  0-1

[Event "Purmerend"]
[Site "Purmerend"]
[Date "1993.??.??"]
[Round "4"]
[White "Maiwald, Jens Uwe"]
[Black "Verdonk, Roland"]
[Result "1/2-1/2"]
[WhiteElo "2400"]
[BlackElo "2270"]

1.Nf3 Nf6 2.d4 g6 3.c4 Bg7 4.g3 O-O 5.Bg2 d6 6.O-O c6 7.Nc3 Qa5 8.h3 Be6
9.Nd2 Qb6 10.e3 d5 11.Na4 Qc7 12.b3 h5 13.Ba3 Na6 14.Qe2 Rad8 15.Rac1 Qd7
16.Kh2 Rfe8 17.Bc5 Nxc5 18.Nxc5 Qc8 19.cxd5 Nxd5 20.Nc4 h4 21.e4 Nf6 22.e5 Nh5
23.Na5 Rxd4 24.Ncxb7 Bd5 25.Rxc6 Bxc6 26.Nxc6 Rd7 27.Nba5 Rc7 28.Qg4 Qa6
29.e6 Nf6 30.exf7+ Kxf7 31.Qg5 Rec8 32.Ne5+ Kg8 33.Nac4 Qxa2 34.Qxg6 Qxb3
35.Qf7+ Kh7 36.Qg6+ Kg8 37.Qf7+ Kh7 38.Qg6+  1/2-1/2

[Event "Purmerend"]
[Site "Purmerend"]
[Date "1993.??.??"]
[Round "7"]
[White "Nikolic, Nebojsa"]
[Black "Reinderman, Dimitri"]
[Result "1-0"]
[WhiteElo "2440"]
[BlackElo "2415"]

1.d4 Nf6 2.Nf3 g6 3.g3 Bg7 4.Bg2 O-O 5.c4 d6 6.O-O Nbd7 7.Nc3 e5 8.e4 a6
9.Re1 exd4 10.Nxd4 Rb8 11.h3 Ne5 12.b3 c5 13.Nc2 b5 14.f4 Ned7 15.Qxd6 b4
16.Na4 Ne8 17.Qd2 Bxa1 18.Nxa1 Nc7 19.Nc2 Bb7 20.Ne3 Re8 21.Ng4 Bc6 22.Bb2 Qe7
23.f5 f6 24.Qf4 Rb7 25.fxg6 hxg6 26.Nxf6+ Nxf6 27.Bxf6 Ne6 28.Bxe7 Nxf4 29.gxf4 Rbxe7
30.Nxc5 a5 31.e5 Bxg2 32.Kxg2 Rd8 33.Re2 Kf7 34.Kf3 Rd1 35.Ke4 Rc7 36.Nd3 Rd7
37.e6+ Kxe6 38.Nc5+ Kd6 39.Nxd7 Kxd7 40.Rg2 a4 41.bxa4 Kc6 42.Rxg6+ Kc5 43.Rg2 Re1+
44.Kf5 Kxc4 45.Kf6  1-0